| 000 | 00496nam a22001817a 4500 | ||
|---|---|---|---|
| 999 |
_c189451 _d189451 |
||
| 005 | 20220701113137.0 | ||
| 010 | _aENG-133278 | ||
| 020 |
_a9789384294625 _c195.00 |
||
| 035 | _aEN-116810 | ||
| 037 | _bDBAD/PUB | ||
| 082 | _a304.6 | ||
| 100 | _aRoy, Debjani | ||
| 245 |
_aPopulation Geography/ _cDebjani Roy |
||
| 260 |
_aKolkata _bArunabha Sen _c2015 |
||
| 270 |
_a8/1, Chintamoni Das Lane _bKolkata _e700009 |
||
| 300 |
_a243p. _c24cm(pbk) |
||
| 942 |
_2ddc _cEN _h304.6 _mROY |
||